ნორმალური ფორმატი
MARC ფორმატი
ჩანაწერი Personal Name
ჩანაწერთა რაოდენობა, რომელიც გამოყენებულია: 3
001 - CONTROL NUMBER
- control field: 5546
003 - CONTROL NUMBER IDENTIFIER
- control field: GE_BSU
005 - DATE AND TIME OF LATEST TRANSACTION
- control field: 20191122170251.0
008 - FIXED-LENGTH DATA ELEMENTS
- fixed length control field: 191122|| aca||aabn | a|a d
040 ## - CATALOGING SOURCE
- Original cataloging agency: GE_BSU
- Transcribing agency: GE_BSU
100 ## - HEADING--PERSONAL NAME
- Personal name: ტაბიძე, ტიციან
670 ## - SOURCE DATA FOUND
- Source citation: Work cat.: (GE_BSU)39746: ტაბიძე, ტიციან, ლექსები, პოემები, პროზა, წერილები /
